[Event "Commonwealth Championship"]
[Site "Nagpur IND"]
[Date "2008.09.29"]
[EventDate "2008.09.28"]
[Round "2.41"]
[Result "0-1"]
[White "Vidit Santosh Gujrathi"]
[Black "Kelkar Abhishek"]
[WhiteElo "2356"]
[BlackElo "2120"]
[PlyCount "108"]

1. d4 d5 2. Nf3 Nf6 3. c4 c6 4. Qc2 Na6 5. Bf4 Nb4 6. Qa4 Bf5
7. Qxb4 e5 8. c5 exf4 9. Nbd2 Qc7 10. Qa4 h6 11. Rc1 g5
12. Ne5 Bg7 13. g3 Nd7 14. gxf4 gxf4 15. Nxd7 Kxd7 16. Bg2 Kd8
17. O-O Rg8 18. Kh1 Qe7 19. Rce1 Bh8 20. Rg1 Qh4 21. Ref1 Rg6
22. Nf3 Qe7 23. Qa5+ Kd7 24. Qb4 b5 25. a4 Rxg2 26. Rxg2 Qxe2
27. Nd2 Bh3 28. Rgg1 Bxf1 29. Rxf1 Rg8 30. Qa5 Be5 31. Qc3 Qg4
32. Qf3 Bxd4 33. axb5 Qxf3+ 34. Nxf3 Bxb2 35. Rb1 Bc3 36. Rb3
Bf6 37. Ra3 cxb5 38. Rxa7+ Ke6 39. Rb7 Bc3 40. Rxb5 Kf5 41. c6
Ke4 42. Ng1 Rc8 43. f3+ Ke5 44. Rb6 Bd4 45. Ra6 Be3 46. Ne2 d4
47. Kg2 Kd5 48. Ra5+ Kxc6 49. Rf5 d3 50. Nc3 Kb6 51. Nd5+ Ka7
52. Rxf7+ Kb8 53. Re7 Rc1 54. Re8+ Kb7 0-1

[Event "Commonwealth Championship"]
[Site "Nagpur IND"]
[Date "2008.09.30"]
[EventDate "2008.09.28"]
[Round "3.49"]
[Result "0-1"]
[White "Mohapatra Sidhant"]
[Black "Vidit Santosh Gujrathi"]
[WhiteElo "1995"]
[BlackElo "2356"]
[PlyCount "82"]

1. e4 c5 2. Nf3 d6 3. d4 cxd4 4. Nxd4 Nf6 5. Nc3 Nc6 6. Bg5 e6
7. Qd2 a6 8. O-O-O Bd7 9. f4 b5 10. Nxc6 Bxc6 11. e5 dxe5
12. Qxd8+ Rxd8 13. Rxd8+ Kxd8 14. fxe5 h6 15. Bxf6+ gxf6
16. exf6 Rg8 17. Ne2 Rg6 18. Nd4 Bd5 19. Nf3 Bd6 20. h4 Rxf6
21. Be2 Rg6 22. Rg1 Bc5 23. Rd1 Rxg2 24. c4 Rxe2 25. cxd5 e5
26. h5 Kd7 27. Rf1 Kd6 28. Nh4 Kxd5 29. Rxf7 Rh2 30. Ng6 Rxh5
31. a3 Rg5 32. Nh4 Rg4 33. Nf3 Be3+ 34. Kc2 e4 35. Ne1 Rg1
36. Kd1 Ke6 37. Rf8 Bg5 38. Ke2 Bh4 39. Nc2 Rg2+ 40. Kd1 Bg5
41. Nd4+ Ke7 0-1

[Event "Commonwealth Championship"]
[Site "Nagpur IND"]
[Date "2008.09.30"]
[EventDate "2008.09.28"]
[Round "4.39"]
[Result "1-0"]
[White "Vidit Santosh Gujrathi"]
[Black "Pankaj Pendalwar"]
[WhiteElo "2356"]
[BlackElo "2115"]
[PlyCount "88"]

1. Nf3 Nf6 2. c4 g6 3. b4 Bg7 4. Bb2 O-O 5. e3 Na6 6. b5 Nc5
7. d4 Nce4 8. Bd3 c6 9. Qc2 d5 10. bxc6 bxc6 11. Ne5 Bb7
12. O-O Nd7 13. Nxc6 Bxc6 14. cxd5 Bxd5 15. Bxe4 Rc8 16. Nc3
Bxe4 17. Qxe4 Nf6 18. Qd3 Qa5 19. Rac1 Rb8 20. Rc2 e6 21. Rfc1
Rb7 22. Ne4 Nd5 23. Ba3 Re8 24. h3 h6 25. Ng3 Bf8 26. Bxf8
Rxf8 27. Qe4 Rbb8 28. Qe5 Qd8 29. Ne4 Re8 30. Rc5 Qe7 31. Nd6
f6 32. Qg3 Rf8 33. Qxg6+ Qg7 34. Qe4 Qe7 35. Qg4+ Kh8 36. Rxd5
Rg8 37. Qh5 Qg7 38. Nf7+ Kh7 39. Ng5+ fxg5 40. Rdc5 Rb7
41. Qg4 Qg6 42. Rc6 Rb1 43. Rxb1 Qxb1+ 44. Kh2 Qxa2 1-0

[Event "Commonwealth Championship"]
[Site "Nagpur,India"]
[Date "2008.10.01"]
[EventDate "2008.09.28"]
[Round "5.31"]
[Result "0-1"]
[White "Chinthaka Anuruddh Galappaththi"]
[Black "Vidit Santosh Gujrathi"]
[WhiteElo "2218"]
[BlackElo "2356"]
[PlyCount "90"]

1. Nf3 Nf6 2. c4 c6 3. g3 d5 4. cxd5 cxd5 5. Bg2 Nc6 6. d4 g6
7. O-O Bg7 8. Nc3 Ne4 9. Nxe4 dxe4 10. Ng5 Nxd4 11. e3 Nc6
12. Qxd8+ Nxd8 13. Nxe4 O-O 14. Nc5 Rb8 15. Rd1 Ne6 16. Nb3 b6
17. Rb1 Ba6 18. Bf1 Bb7 19. Bg2 Bxg2 20. Kxg2 Rfd8 21. Rxd8+
Rxd8 22. Bd2 a5 23. Be1 Rc8 24. Nd2 Rc2 25. Kf1 Bxb2 26. Ke2
Bf6 27. Rxb6 Rxa2 28. Kd1 Nc5 29. Nc4 a4 30. Bd2 Nb3 31. Be1
Kg7 32. h4 h5 33. f3 Ra1+ 34. Ke2 Rc1 35. Nd2 Bc3 36. Ra6 Bxd2
37. Bxd2 Rc2 38. Rxa4 Rxd2+ 39. Kf1 Rc2 40. Ra6 Nc1 41. Ra3
Ne2 42. g4 Ng3+ 43. Kg1 hxg4 44. fxg4 Rc4 45. Kg2 Rxg4 0-1

[Event "Commonwealth Championship"]
[Site "Nagpur India"]
[Date "2008.10.02"]
[EventDate "2008.09.28"]
[Round "?"]
[Result "1/2-1/2"]
[White "Vidit Santosh Gujrathi"]
[Black "Marani Rajendran Venkatesh"]
[WhiteElo "2356"]
[BlackElo "2462"]
[PlyCount "38"]

1. d4 Nf6 2. Nf3 e6 3. g3 d5 4. c4 dxc4 5. Bg2 a6 6. Ne5 c5
7. Na3 cxd4 8. Naxc4 Bc5 9. O-O O-O 10. Bd2 Nd5 11. Rc1 Nd7
12. Nd3 Ba7 13. Na5 N7f6 14. Qb3 Rb8 15. Rc2 Bd7 16. Rfc1 Bb5
17. a4 Bxd3 18. exd3 Re8 19. Nc4 Qe7 1/2-1/2

[Event "Commonwealth Championship"]
[Site "Nagpur India"]
[Date "2008.10.03"]
[EventDate "2008.09.28"]
[Round "?"]
[Result "1/2-1/2"]
[White "Vidit Santosh Gujrathi"]
[Black "Deepan Chakkravarthy J"]
[WhiteElo "2356"]
[BlackElo "2464"]
[PlyCount "82"]

1. d4 Nf6 2. Nf3 e6 3. g3 d5 4. c4 dxc4 5. Bg2 Nc6 6. Qa4 Nd7
7. Qxc4 Nb6 8. Qd3 e5 9. Nxe5 Nb4 10. Qc3 Qxd4 11. O-O Qxc3
12. Nxc3 f6 13. Nf3 c6 14. Bf4 N4d5 15. Nxd5 Nxd5 16. Bd2 Kf7
17. Rac1 Be7 18. Rfd1 Rd8 19. Ba5 Nb6 20. Nd4 Bg4 21. h3 Bd7
22. e3 g6 23. Bf1 Rdc8 24. Rc2 c5 25. Nb5 Be6 26. b3 Nd5
27. Bg2 a6 28. Nc3 Nxc3 29. Rxc3 Rab8 30. Bb6 c4 31. bxc4 Rxc4
32. Rxc4 Bxc4 33. Rd7 Bxa2 34. Bc5 Re8 35. Bxb7 Bc4 36. Rc7
Bb5 37. Bd5+ Kf8 38. Bd4 Rd8 39. Bb3 Rd7 40. Rc8+ Rd8 41. Rc7
Rd7 1/2-1/2

[Event "Commonwealth Championship"]
[Site "Nagpur India"]
[Date "2008.10.05"]
[EventDate "2008.09.28"]
[Round "?"]
[Result "0-1"]
[White "Vidit Santosh Gujrathi"]
[Black "Subramanian Arun Prasad"]
[WhiteElo "2356"]
[BlackElo "2492"]
[PlyCount "106"]

1. Nf3 Nf6 2. g3 d5 3. Bg2 c6 4. O-O Bg4 5. c4 e6 6. Qb3 Qb6
7. Qc2 Nbd7 8. b3 a5 9. Nc3 Be7 10. d3 O-O 11. h3 Bxf3
12. Bxf3 Qa7 13. e3 Rac8 14. d4 e5 15. Rd1 e4 16. Bg2 Qb8
17. Qe2 Qd6 18. Bd2 Qe6 19. Rdc1 b6 20. Rc2 Rc7 21. Be1 Rfc8
22. Rac1 Ba3 23. Rd1 h5 24. Nb1 Be7 25. Rdc1 g6 26. Nc3 Ba3
27. cxd5 Nxd5 28. Nxe4 Bxc1 29. Rxc1 c5 30. Qd2 cxd4 31. Rxc7
Rxc7 32. Qxd4 Qe5 33. Qd2 N7f6 34. Nxf6+ Nxf6 35. Qd8+ Kg7
36. Kh2 Rc2 37. Qd3 Rxa2 38. e4 Qb2 39. Qe3 Qe2 40. e5 Ne4
41. Qxe4 Qxe4 42. Bxe4 Re2 43. Bc3 Rxe4 44. Kg2 Re2 45. Bd4 b5
46. Kf3 Rc2 47. Ke4 a4 48. bxa4 bxa4 49. Kd3 Rc6 50. Bb2 g5
51. g4 Kg6 52. f3 h4 53. Kd2 Rc4 0-1

[Event "Commonwealth Championship"]
[Site "Nagpur India"]
[Date "2008.10.06"]
[EventDate "2008.09.28"]
[Round "?"]
[Result "0-1"]
[White "Niaz Murshed"]
[Black "Vidit Santosh Gujrathi"]
[WhiteElo "2437"]
[BlackElo "2356"]
[PlyCount "132"]

1. c4 e5 2. Nc3 Nf6 3. g3 Nc6 4. Bg2 Bc5 5. e3 d5 6. Nxd5 Nxd5
7. cxd5 Nb4 8. Qb3 c6 9. a3 Nxd5 10. Ne2 O-O 11. O-O Bb6
12. Qc2 Bg4 13. f3 Bh5 14. Kh1 f5 15. b3 Qd6 16. Bb2 Rae8
17. Rae1 Kh8 18. Nc1 f4 19. gxf4 exf4 20. e4 Nc7 21. Bh3 Rd8
22. Qc3 Qd4 23. Ne2 Qxc3 24. Bxc3 Rd3 25. Bg4 Bxg4 26. fxg4
Ne6 27. Nc1 Rh3 28. Ne2 Rh4 29. d4 f3 30. Ng3 Bc7 31. e5 Rxg4
32. Ne4 Bb6 33. Bb4 Rff4 34. Nf2 Rg2 35. Nh3 Rf5 36. Re3 Rg4
37. Bc5 Nxc5 38. dxc5 Bxc5 39. Rexf3 Rxf3 40. Rxf3 Kg8 41. b4
Bd4 42. e6 Re4 43. Rd3 Bf6 44. Rd7 Rxe6 45. Rxb7 Re3 46. Nf4
Rxa3 47. Rb8+ Kf7 48. Rb7+ Be7 49. Rc7 Rb3 50. Rxc6 Rxb4
51. Nd5 Rb7 52. Nxe7 Kxe7 53. Kg2 Rb2+ 54. Kg3 Ra2 55. h4 Ra4
56. h5 Kf7 57. Rc7+ Kf6 58. Rc6+ Kg5 59. Rc7 Kh6 60. Rb7 Ra5
61. Kf4 a6 62. Ra7 Ra4+ 63. Kf3 a5 64. Kg3 Ra1 65. Kf4 a4
66. Ra5 a3 0-1

[Event "Open 14-wycc"]
[Site "Vung Tau city"]
[Date "2008.10.20"]
[EventDate "2008.10.20"]
[Round "1.6"]
[Result "0-1"]
[White "Hoai Nam Pham"]
[Black "Vidit Santosh Gujrathi"]
[WhiteElo "1973"]
[BlackElo "2356"]
[PlyCount "92"]

1. d4 d5 2. c4 c6 3. Nf3 Nf6 4. g3 dxc4 5. Bg2 g6 6. O-O Bg7
7. Ne5 Ng4 8. Nf3 O-O 9. e4 Na6 10. h3 Nf6 11. Ne5 c5 12. Be3
cxd4 13. Bxd4 Be6 14. Na3 Qc8 15. Qe2 Bxh3 16. Naxc4 Bxg2
17. Kxg2 Rd8 18. Rfd1 Qe6 19. f4 Nc7 20. Bf2 Nd7 21. Nf3 Qa6
22. Rd2 Nf6 23. Rad1 Rxd2 24. Rxd2 Rc8 25. Nfe5 b5 26. Na3 Qb7
27. Rd4 a6 28. Nb1 Nce8 29. Nc3 Nd6 30. Qf3 Nd7 31. Rd5 Nxe5
32. fxe5 Nc4 33. Qd1 Nxe5 34. Rd8+ Bf8 35. Rd5 Nc6 36. a4 b4
37. Nb1 e6 38. Rd7 Rc7 39. Rd2 Ne5 40. Rd4 Rd7 41. Nd2 Nc6
42. Rxd7 Qxd7 43. Qe2 Ne5 44. b3 Qd3 45. Qe1 Bh6 46. Qa1 Qc3
0-1

[Event "Open 14-wycc"]
[Site "Vung Tau city"]
[Date "2008.10.21"]
[EventDate "2008.10.20"]
[Round "2.3"]
[Result "1-0"]
[White "Vidit Santosh Gujrathi"]
[Black "Gabriel Gaehwiler"]
[WhiteElo "2356"]
[BlackElo "2093"]
[PlyCount "87"]

1. d4 Nf6 2. Nf3 g6 3. g3 Bg7 4. Bg2 O-O 5. O-O d6 6. b3 c5
7. Bb2 cxd4 8. Nxd4 d5 9. c4 dxc4 10. Na3 cxb3 11. Qxb3 Nc6
12. Rfd1 Qa5 13. Nc4 Qa6 14. Rac1 Nxd4 15. Bxd4 b5 16. Bxa8
bxc4 17. Qb2 Be6 18. Bf3 h5 19. h4 c3 20. Rxc3 Qxa2 21. Qxa2
Bxa2 22. Ra3 Be6 23. Rxa7 Rd8 24. Ra8 Rxa8 25. Bxa8 Bc4
26. Bf3 Bf8 27. Rc1 Be6 28. Rc7 Ne8 29. Ra7 Nd6 30. Bc5 Bc4
31. Rc7 Nb5 32. Rc8 Be6 33. Rb8 Nd6 34. Bc6 Kg7 35. e4 f5
36. Bxd6 exd6 37. Bd5 Bxd5 38. exd5 f4 39. Re8 fxg3 40. fxg3
Kf7 41. Re6 Be7 42. Kg2 Bf8 43. Kf3 Be7 44. Kf4 1-0

[Event "Open 14-wycc"]
[Site "Vung Tau city"]
[Date "2008.10.22"]
[EventDate "2008.10.20"]
[Round "3.3"]
[Result "0-1"]
[White "Nodar Lortkipanidze"]
[Black "Vidit Santosh Gujrathi"]
[WhiteElo "2135"]
[BlackElo "2356"]
[PlyCount "100"]

1. d4 Nf6 2. Nc3 d5 3. Bg5 Nbd7 4. Nf3 c6 5. e3 Qa5 6. Bd3 Ne4
7. O-O Ndf6 8. Nxe4 Nxe4 9. b4 Qxb4 10. Bxe4 dxe4 11. Nd2 Qa5
12. Nxe4 Qf5 13. f3 h6 14. Bh4 g5 15. Bf2 h5 16. c4 g4 17. Bg3
h4 18. Bf4 Rg8 19. Rb1 Qg6 20. Nf2 g3 21. hxg3 hxg3 22. Ne4
Bh6 23. Re1 Bxf4 24. exf4 Qh6 25. Kf1 Be6 26. d5 Rd8 27. Qa4
b5 28. Qxa7 cxd5 29. Ng5 d4 30. Ke2 Bxc4+ 31. Kd2 Qd6 32. Re4
Qd7 33. Qc5 Qd6 34. Qa7 Qd7 35. Qc5 Qd6 36. Qa7 Kf8 37. a3 Rd7
38. Qa5 f5 39. Re5 Rxg5 40. Rh1 Rg8 41. Rh7 Rg7 42. Rh8+ Bg8
43. Rxf5+ Rf7 44. Qxb5 e6 45. Rg5 Rg7 46. Kd1 Qxf4 47. Rxg8+
Kxg8 48. Rxg7+ Rxg7 49. Qe8+ Kh7 50. Qxe6 Rc7 0-1

[Event "Open 14-wycc"]
[Site "Vung Tau city"]
[Date "2008.10.22"]
[EventDate "2008.10.20"]
[Round "4.2"]
[Result "1-0"]
[White "Vidit Santosh Gujrathi"]
[Black "Yang-Fan Zhou"]
[WhiteElo "2356"]
[BlackElo "2276"]
[PlyCount "115"]

1. Nf3 Nf6 2. c4 g6 3. b4 d6 4. d4 Nbd7 5. Bb2 e5 6. e3 c6
7. Nc3 Bg7 8. Be2 O-O 9. Qb3 a6 10. a4 a5 11. b5 exd4 12. exd4
Re8 13. O-O Nh5 14. Rfe1 Ndf6 15. Bc1 d5 16. cxd5 Nxd5
17. Nxd5 Be6 18. Bc4 cxd5 19. Bf1 Nf6 20. Bf4 Ne4 21. Rac1 f6
22. b6 g5 23. Bc7 Qe7 24. h3 h5 25. Bb5 Rf8 26. Nh2 f5 27. Be5
Rac8 28. Bxg7 Qxg7 29. Nf3 g4 30. Ne5 f4 31. Rxc8 Rxc8 32. Bd7
Bxd7 33. Qxd5+ Kh8 34. Qxd7 Qxd7 35. Nxd7 g3 36. fxg3 fxg3
37. Nc5 Nd2 38. h4 Nc4 39. Re6 Rd8 40. Rh6+ Kg7 41. Rxh5 Kf6
42. Ne4+ Kg6 43. Rg5+ Kf7 44. Nxg3 Rxd4 45. h5 Rd1+ 46. Kh2
Ne3 47. Kh3 Rd5 48. Ne4 Rxg5 49. Nxg5+ Kf6 50. Ne4+ Kf5
51. Nd6+ Kg5 52. g4 Nd5 53. Kg3 Nxb6 54. Ne4+ Kh6 55. Kh4 Nxa4
56. g5+ Kg7 57. g6 Kh6 58. Nd6 1-0

[Event "Open 14-wycc"]
[Site "Vung Tau city"]
[Date "2008.10.23"]
[EventDate "2008.10.20"]
[Round "5.1"]
[Result "1/2-1/2"]
[White "Dariusz Swiercz"]
[Black "Vidit Santosh Gujrathi"]
[WhiteElo "2478"]
[BlackElo "2356"]
[PlyCount "122"]

1. e4 c5 2. Nf3 d6 3. d4 cxd4 4. Nxd4 Nf6 5. Nc3 Nc6 6. Bg5 e6
7. Qd3 a6 8. O-O-O Bd7 9. Be2 b5 10. Nxc6 Bxc6 11. Rhe1 Be7
12. Bxf6 Bxf6 13. Qxd6 Qxd6 14. Rxd6 Rc8 15. f4 g5 16. g3 gxf4
17. gxf4 Ke7 18. e5 Bg7 19. Rg1 Kf8 20. a4 Bh6 21. Rg4 Rg8
22. Rh4 Rg1+ 23. Rd1 Rxd1+ 24. Kxd1 b4 25. Rxh6 bxc3 26. bxc3
Bxa4 27. Bd3 Rxc3 28. Kd2 Rc5 29. Rxh7 Bb5 30. Rh8+ Kg7
31. Rd8 Bxd3 32. Kxd3 Ra5 33. c4 Kg6 34. Rd7 Ra1 35. Kc2 Ra2+
36. Kb3 Rxh2 37. c5 Rh1 38. Rd4 Rb1+ 39. Kc2 Rb8 40. c6 f6
41. c7 Rc8 42. Rd7 fxe5 43. fxe5 Kf5 44. Kb3 Kxe5 45. Kc4 Kf4
46. Rf7+ Ke4 47. Kc5 e5 48. Re7 Kd3 49. Rd7+ Kc3 50. Kb6 e4
51. Kb7 Rxc7+ 52. Rxc7+ Kd2 53. Rd7+ Kc3 54. Re7 Kd3 55. Kxa6
e3 56. Kb5 e2 57. Kb4 Kd2 58. Rd7+ Ke3 59. Re7+ Kd2 60. Kb3
e1=Q 61. Rxe1 Kxe1 1/2-1/2

[Event "Open 14-wycc"]
[Site "Vung Tau city"]
[Date "2008.10.24"]
[EventDate "2008.10.20"]
[Round "6.1"]
[Result "1-0"]
[White "Vidit Santosh Gujrathi"]
[Black "Benjamin Bok"]
[WhiteElo "2356"]
[BlackElo "2265"]
[PlyCount "151"]

1. d4 Nf6 2. Nf3 g6 3. g3 Bg7 4. Bg2 O-O 5. O-O d5 6. Ne5 c6
7. c4 dxc4 8. Nxc4 Be6 9. b3 Bd5 10. Bb2 Bxg2 11. Kxg2 Nbd7
12. Nbd2 b5 13. Ne5 Nxe5 14. dxe5 Qd5+ 15. Nf3 Nd7 16. Rc1
Rac8 17. e4 Qxd1 18. Rfxd1 Rfd8 19. Rc2 Nb8 20. Rxd8+ Rxd8
21. Bd4 Rd7 22. Be3 e6 23. g4 h6 24. h4 a6 25. Kf1 Bf8 26. Ne1
Rc7 27. Nd3 Nd7 28. b4 Kg7 29. g5 hxg5 30. hxg5 Be7 31. f4 Rc8
32. Bd4 Kf8 33. Ke2 Bd8 34. Nc5 Nxc5 35. Bxc5+ Be7 36. Rd2
Bxc5 37. bxc5 Ke7 38. Rd6 a5 39. Kd3 Rd8 40. Kc3 Rxd6
41. exd6+ Kd7 42. Kd4 a4 43. Kc3 e5 44. fxe5 Ke6 45. Kb4 Kd7
46. Ka5 Ke6 47. Kb6 Kd7 48. a3 b4 49. axb4 a3 50. b5 a2
51. bxc6+ Kc8 52. d7+ Kd8 53. c7+ Kxd7 54. Kb7 a1=Q 55. c8=Q+
Ke7 56. Qc7+ Kf8 57. Qd8+ Kg7 58. Qf6+ Kg8 59. e6 Qb1+ 60. Kc7
Qb4 61. Qxf7+ Kh8 62. Qf8+ Kh7 63. Qh6+ Kg8 64. Qxg6+ Kh8
65. Qf6+ Kg8 66. Qf7+ Kh8 67. Qf8+ Kh7 68. Qf5+ Kg7 69. e7
Qa5+ 70. Kd6 Qa6+ 71. c6 Qa3+ 72. Qc5 Qd3+ 73. Qd5 Qa3+
74. Kd7 Qa7+ 75. c7 Qa4+ 76. Kd8 1-0

[Event "Open 14-wycc"]
[Site "Vung Tau city"]
[Date "2008.10.26"]
[EventDate "2008.10.20"]
[Round "7.1"]
[Result "1/2-1/2"]
[White "Andrey Stukopin"]
[Black "Vidit Santosh Gujrathi"]
[WhiteElo "2363"]
[BlackElo "2356"]
[PlyCount "31"]

1. Nf3 Nf6 2. g3 b5 3. Bg2 Bb7 4. O-O c5 5. d3 d6 6. e4 g6
7. Re1 Nbd7 8. a4 a6 9. b3 Bg7 10. Bb2 e5 11. Nbd2 O-O 12. c3
Ne8 13. Qc2 Rc8 14. axb5 axb5 15. c4 b4 16. Nf1 1/2-1/2

[Event "Open 14-wycc"]
[Site "Vung Tau city"]
[Date "2008.10.27"]
[EventDate "2008.10.20"]
[Round "8.1"]
[Result "1-0"]
[White "Vidit Santosh Gujrathi"]
[Black "Srinath Narayanan"]
[WhiteElo "2356"]
[BlackElo "2412"]
[PlyCount "95"]

1. d4 Nf6 2. Nf3 e6 3. g3 d5 4. Bg2 b5 5. O-O Be7 6. Bg5 O-O
7. Ne5 Bb7 8. Qd3 b4 9. c4 c5 10. cxd5 Bxd5 11. dxc5 Bxg2
12. Kxg2 Qc7 13. Nf3 Qxc5 14. Rc1 Qb6 15. Nbd2 Rd8 16. Qc4
Nbd7 17. Nb3 Nd5 18. Bxe7 Nxe7 19. Qd4 Nf6 20. Qxb6 axb6
21. Rc4 Ra4 22. a3 Nfd5 23. e4 b5 24. Rd4 Nc6 25. Rdd1 Nde7
26. Rxd8+ Nxd8 27. Rd1 Ndc6 28. Nc5 Ra8 29. axb4 Nxb4 30. Rd7
Nbc6 31. Rb7 Rb8 32. Rxb8+ Nxb8 33. Nd4 b4 34. Kf3 e5 35. Nc2
Nec6 36. Ke3 Kf8 37. Kd3 Ke7 38. Kc4 Kd6 39. Nd3 Na5+ 40. Kxb4
Nbc6+ 41. Kc3 Na7 42. Ne3 N5c6 43. Nf5+ Kd7 44. Nc5+ Kc7
45. Nxg7 Nb5+ 46. Kc4 Nbd4 47. Ne8+ Kb6 48. Nd7+ 1-0

[Event "Open 14-wycc"]
[Site "Vung Tau city"]
[Date "2008.10.28"]
[EventDate "2008.10.20"]
[Round "9.1"]
[Result "1/2-1/2"]
[White "Maxime Lagarde"]
[Black "Vidit Santosh Gujrathi"]
[WhiteElo "2332"]
[BlackElo "2356"]
[PlyCount "92"]

1. e4 c5 2. Nf3 d6 3. d4 cxd4 4. Nxd4 Nf6 5. Nc3 Nc6 6. Bg5 e6
7. Qd2 Be7 8. O-O-O O-O 9. f4 Nxd4 10. Qxd4 Qa5 11. Bc4 h6
12. Bh4 e5 13. fxe5 dxe5 14. Qd3 Bg4 15. Rdf1 Qc5 16. Bb3 Be6
17. Bxf6 Bxf6 18. Nd5 Bh4 19. Kb1 Rad8 20. g3 Be7 21. Qf3 g6
22. g4 Bh4 23. Qh3 Bg5 24. Qg3 Bxd5 25. Bxd5 Bf4 26. Qb3 Rd7
27. h4 Qe3 28. Qxe3 Bxe3 29. Rh3 Bf4 30. Ra3 b6 31. Rc3 Rfd8
32. Rc6 Kg7 33. c4 Rd6 34. Rxd6 Rxd6 35. Kc2 h5 36. gxh5 gxh5
37. b4 Rf6 38. c5 bxc5 39. bxc5 Be3 40. Rxf6 Kxf6 41. c6 Ke7
42. Bxf7 Kd6 43. Bxh5 Bf2 44. Bf7 Bxh4 45. Bd5 Bf2 46. Kd3 Kc7
1/2-1/2

[Event "Open 14-wycc"]
[Site "Vung Tau city"]
[Date "2008.10.29"]
[EventDate "2008.10.20"]
[Round "10.1"]
[Result "1/2-1/2"]
[White "Vidit Santosh Gujrathi"]
[Black "Ulvi Bajarani"]
[WhiteElo "2356"]
[BlackElo "2232"]
[PlyCount "137"]

1. Nf3 Nf6 2. c4 g6 3. Nc3 Bg7 4. g3 O-O 5. Bg2 c6 6. d4 d5
7. Ne5 Be6 8. cxd5 Nxd5 9. O-O Nd7 10. Nxd5 Bxd5 11. e4 Be6
12. d5 Nxe5 13. dxe6 Qxd1 14. exf7+ Kxf7 15. Rxd1 Rfd8 16. Bf4
Nd3 17. Bc7 Rd7 18. Rab1 c5 19. b3 Rxc7 20. Rxd3 Bd4 21. Bf1
Kg7 22. Rc1 e5 23. Rd2 Rf8 24. Bc4 Rc6 25. Kg2 Rcf6 26. Rf1
Rf3 27. Rc2 h5 28. Be6 b5 29. Bf5 Rc3 30. Rxc3 Bxc3 31. Be6
Rf6 32. Bd5 Bd4 33. Bb7 g5 34. h3 c4 35. bxc4 bxc4 36. Bd5 c3
37. Bb3 a5 38. g4 h4 39. Ba4 Kf8 40. Bc2 Ke7 41. f3 Kd6
42. Rb1 Kc7 43. Rb5 Rd6 44. Kf1 Bb6 45. Rd5 Rxd5 46. exd5 Kd6
47. Be4 Kc5 48. Ke2 a4 49. Kd3 Ba5 50. Ke2 a3 51. Ke3 Bb4
52. Ke2 Kd4 53. Kf2 Be7 54. Ke2 Bc5 55. Bc2 Kxd5 56. Be4+ Kd4
57. Bc2 Bd6 58. Be4 Bc5 59. Bc2 Kd5 60. Be4+ Kc4 61. Bc2 Bg1
62. Bb3+ Kd4 63. Bc2 Bh2 64. Be4 Bf4 65. Bc2 Bd2 66. Be4 Bc1
67. Bc2 e4 68. fxe4 Ke5 69. Kf3 1/2-1/2

[Event "8th Asian Continental Chess Championship"]
[Site "Subic Bay Free Port"]
[Date "2009.05.14"]
[EventDate "2009.05.13"]
[Round "2.12"]
[Result "1/2-1/2"]
[White "Vidit Santosh Gujrathi"]
[Black "Zhou Jianchao"]
[WhiteElo "2441"]
[BlackElo "2635"]
[PlyCount "50"]

1. d4 Nf6 2. c4 e6 3. Nf3 d5 4. g3 dxc4 5. Bg2 a6 6. Ne5 Bb4+
7. Nc3 Nd5 8. Bd2 Nb6 9. e3 N8d7 10. Nxd7 Qxd7 11. Ne4 Qb5
12. Bxb4 Qxb4+ 13. Qd2 a5 14. O-O Bd7 15. a3 Qxd2 16. Nxd2
O-O-O 17. Rfc1 Bb5 18. b3 cxb3 19. Nxb3 a4 20. Nc5 Nd5
21. Rab1 Bc6 22. Rc4 Rd6 23. Ne4 Rdd8 24. Nc5 Rd6 25. Ne4 Rdd8
1/2-1/2

[Event "8th Asian Continental Chess Championship"]
[Site "Subic Bay Free Port"]
[Date "2009.05.15"]
[EventDate "2009.05.13"]
[Round "3.15"]
[Result "1-0"]
[White "Yifan Hou"]
[Black "Vidit Santosh Gujrathi"]
[WhiteElo "2590"]
[BlackElo "2441"]
[PlyCount "83"]

1. e4 c5 2. Nf3 d6 3. d4 cxd4 4. Nxd4 Nf6 5. Nc3 Nc6 6. Bg5 e6
7. Qd2 Be7 8. O-O-O Nxd4 9. Qxd4 a6 10. f4 b5 11. Be2 Bb7
12. Bf3 O-O 13. h4 Qc7 14. Bxf6 gxf6 15. f5 e5 16. Nd5 Bxd5
17. Qxd5 Rfc8 18. Rd2 Qc4 19. Be2 Qxd5 20. Rxd5 Rc7 21. a3
Rac8 22. c3 Rc5 23. Rhd1 Kf8 24. Kc2 R8c7 25. R1d3 Rc4 26. Bf3
Ke8 27. b3 R4c6 28. Be2 Rc8 29. Rg3 Kf8 30. Rgd3 Ke8 31. b4
Kd7 32. Rg3 Bf8 33. a4 bxa4 34. Ra5 Kc7 35. Rxa6 Rxa6 36. Bxa6
Ra8 37. Bc4 Kb6 38. Rg8 a3 39. Kb1 Rc8 40. Bxf7 Kb5 41. Ka2
Rxc3 42. Rxf8 1-0

[Event "8th Asian Continental Chess Championship"]
[Site "Subic Bay Free Port"]
[Date "2009.05.16"]
[EventDate "2009.05.13"]
[Round "4.33"]
[Result "1/2-1/2"]
[White "Vidit Santosh Gujrathi"]
[Black "Jia Haoxiang"]
[WhiteElo "2441"]
[BlackElo "2344"]
[PlyCount "138"]

1. d4 d5 2. Nf3 Nf6 3. c4 c6 4. e3 Bf5 5. Nc3 e6 6. Nh4 Bg6
7. Nxg6 hxg6 8. a3 Nbd7 9. g3 Bd6 10. c5 Bc7 11. b4 O-O
12. Bg2 b6 13. Bd2 a5 14. Rb1 e5 15. O-O axb4 16. axb4 Re8
17. b5 bxc5 18. bxc6 Nb8 19. dxe5 Bxe5 20. Qb3 c4 21. Qb7 Ra6
22. c7 Qxc7 23. Qxc7 Bxc7 24. Nxd5 Ba5 25. Bxa5 Rxa5 26. Nb6
Rc5 27. Rfc1 Nbd7 28. Rxc4 Rb8 29. Rcb4 Rxb6 30. Rxb6 Nxb6
31. Rxb6 g5 32. Bf1 Ng4 33. h3 Ne5 34. Rb7 g6 35. Kg2 Kg7
36. Rb2 Rc3 37. Rd2 Kf6 38. Be2 Ke6 39. Bb5 Rc5 40. Ba4 Kf6
41. Bb3 Rc3 42. Ba2 Ra3 43. Bb1 Rb3 44. Be4 Rc3 45. Ra2 Rc5
46. Ra7 Ke6 47. Bb1 Kf6 48. Ba2 Rc2 49. Bd5 Rd2 50. e4 Rc2
51. Kf1 Kg7 52. Re7 Kf6 53. Ra7 Kg7 54. f4 gxf4 55. gxf4 Nd3
56. Rxf7+ Kh6 57. Kg1 Rf2 58. f5 gxf5 59. exf5 Rd2 60. Be4 Nf4
61. h4 Nh3+ 62. Kf1 Rf2+ 63. Ke1 Rf4 64. Bc2 Rxh4 65. f6 Ng5
66. Rf8 Nf3+ 67. Kf2 Rh2+ 68. Kxf3 Rxc2 69. Rg8 Rc6 1/2-1/2

[Event "8th Asian Continental Chess Championship"]
[Site "Subic Bay Free Port"]
[Date "2009.05.17"]
[EventDate "2009.05.13"]
[Round "5.31"]
[Result "1/2-1/2"]
[White "Shakil Abu Sufian"]
[Black "Vidit Santosh Gujrathi"]
[WhiteElo "2378"]
[BlackElo "2441"]
[PlyCount "71"]

1. e4 c5 2. Nf3 a6 3. d4 cxd4 4. Nxd4 Nf6 5. Nc3 e5 6. Nf3 Bb4
7. Bd2 d6 8. Bc4 Qc7 9. Qe2 Bg4 10. Nd5 Nxd5 11. Bxd5 Bc5
12. h3 Bxf3 13. Qxf3 Nc6 14. c3 O-O 15. O-O Ne7 16. Bb3 Kh8
17. g4 Qc6 18. Kg2 a5 19. a4 Rad8 20. Rfd1 Qb6 21. Bc4 Rc8
22. b3 d5 23. Bxd5 Nxd5 24. exd5 Qxb3 25. Qe4 Qb6 26. Rab1 Qc7
27. Be3 Bd6 28. Rdc1 Qd7 29. Rb5 f5 30. gxf5 Rxf5 31. c4 Rcf8
32. c5 Bc7 33. d6 Bd8 34. Rxb7 Qe6 35. c6 Bg5 36. Rb2 1/2-1/2

[Event "8th Asian Continental Chess Championship"]
[Site "Subic Bay Free Port"]
[Date "2009.05.19"]
[EventDate "2009.05.13"]
[Round "7.19"]
[Result "1-0"]
[White "Eugenio Torre"]
[Black "Vidit Santosh Gujrathi"]
[WhiteElo "2561"]
[BlackElo "2441"]
[PlyCount "85"]

1. d4 d5 2. Bf4 Nf6 3. e3 c5 4. c3 Nc6 5. Nd2 g6 6. Ngf3 Bg7
7. dxc5 O-O 8. Be2 a5 9. a4 Re8 10. Bb5 Nh5 11. Bg5 h6 12. Bh4
Bf5 13. O-O Qc7 14. Nd4 Bd7 15. Be2 Nf6 16. Nb5 Qd8 17. Qb3 g5
18. Bg3 Rc8 19. Rad1 Nb8 20. Qa3 b6 21. Na7 Rxc5 22. Nb3 e5
23. Nxc5 bxc5 24. Bb5 h5 25. h4 g4 26. Rfe1 Qb6 27. Bxd7 Nbxd7
28. Nb5 Qc6 29. b3 Nb6 30. c4 Ne4 31. cxd5 Nxd5 32. Qc1 Re7
33. Qc4 Nb6 34. Rd8+ Kh7 35. Qc2 f5 36. Red1 Re6 37. Nc3 Nxc3
38. Qxc3 Bf6 39. R8d2 c4 40. bxc4 Nxa4 41. Qxa5 Qxc4 42. Rd7+
Kg6 43. Qa8 1-0

[Event "8th Asian Continental Chess Championship"]
[Site "Subic Bay Free Port"]
[Date "2009.05.20"]
[EventDate "2009.05.13"]
[Round "8.31"]
[Result "1-0"]
[White "Vidit Santosh Gujrathi"]
[Black "David Elorta"]
[WhiteElo "2441"]
[BlackElo "2372"]
[PlyCount "73"]

1. d4 d5 2. Nf3 Nf6 3. c4 e6 4. g3 b6 5. Bg2 Bb7 6. O-O Be7
7. cxd5 exd5 8. Nc3 O-O 9. Bf4 Nbd7 10. Rc1 c5 11. dxc5 bxc5
12. Nh4 Nb6 13. Nf5 Qd7 14. e4 d4 15. Nxe7+ Qxe7 16. Nb5 Rfd8
17. Nd6 Rxd6 18. Bxd6 Qxd6 19. e5 Qxe5 20. Bxb7 Rb8 21. Ba6
Nbd7 22. Qc2 h5 23. Bc4 h4 24. Rfe1 Qh5 25. Be2 Qg5 26. f4 Qh6
27. Bf3 hxg3 28. hxg3 g5 29. Qd2 gxf4 30. Re2 d3 31. Rh2 Ne5
32. Bh1 Qg6 33. Qxf4 Nfg4 34. Be4 Qe6 35. Rh4 Rb4 36. Qg5+ Ng6
37. Bxg6 1-0